000 01027aab a2200193 i 4500
001 768714001
003 CO-MdFUSB
005 20241002062722.0
008 240411t1985 ag ||||| |||| 00| 0 spa d
040 _bspa
_cCO-MdFUSB
041 _aspa
100 1 _aDeiros, Pablo A. (Alberto) (1945-)
_eautor
245 3 _aEl fin del mundo
_c/ Pablo A. Deiros
300 _aVolumen 4, número 2 (junio, 1985), páginas: 54 - 55
_c; 27 cm
520 _aEl siguiente artículo considera el marco histórico en Europa Occidental, durante el siglo V. En el cual muchos cristianos se sintieron conmovidos por los dramáticos acontecimientos ocurridos, haciéndoles creer que estábamos al borde de la destrucción. La gravedad de sus experiencias los obligó a pensar y actuar acerca de su fe cristiana de una manera muy especial.
650 7 _aCristianismo
_xHistoria
_y0030-0600 (Iglesia primitiva)
_2
_9217
773 0 _tIglesia y Misión
_049402
_959687
_gVolumen 4, número 2 (junio, 1985), páginas: 54 - 55
_qpágina: 54
942 _cANA
999 _c51580
_d51580